<?xml version="1.0" encoding="UTF-8"?>
<record
    xmlns:xsi="http://www.w3.org/2001/XMLSchema-instance"
    xsi:schemaLocation="http://www.loc.gov/MARC21/slim http://www.loc.gov/standards/marcxml/schema/MARC21slim.xsd"
    xmlns="http://www.loc.gov/MARC21/slim">

  <leader>01548nam a2200205Ia 4500</leader>
  <controlfield tag="001">b6690-47836 </controlfield>
  <controlfield tag="003">IT-MiCISF</controlfield>
  <controlfield tag="008">161014s9999||||xx |||||||||||||| ||und||</controlfield>
  <datafield tag="040" ind1=" " ind2=" ">
    <subfield code="a">IT-MiCISF</subfield>
    <subfield code="c">IT-MiCISF</subfield>
  </datafield>
  <datafield tag="041" ind1=" " ind2=" ">
    <subfield code="a">it</subfield>
  </datafield>
  <datafield tag="100" ind1=" " ind2=" ">
    <subfield code="a">Jeammet Philippe</subfield>
  </datafield>
  <datafield tag="245" ind1=" " ind2="0">
    <subfield code="a">Adulti senza riserva</subfield>
    <subfield code="b">Quel che aiuta un adolescente</subfield>
  </datafield>
  <datafield tag="250" ind1=" " ind2=" ">
    <subfield code="a">1a ed.</subfield>
  </datafield>
  <datafield tag="260" ind1=" " ind2=" ">
    <subfield code="a"> Milano</subfield>
    <subfield code="b">Raffaello Cortina</subfield>
    <subfield code="c">2009 [Edizione originale: 2008]</subfield>
  </datafield>
  <datafield tag="300" ind1=" " ind2=" ">
    <subfield code="a">pp. XII-207</subfield>
  </datafield>
  <datafield tag="500" ind1=" " ind2=" ">
    <subfield code="a"> / adolescenza, pubert&#xE0;, formazione-personalit&#xE0;, et&#xE0;-adulta, rapporti-genitori-figli, rapporti-disfunzionali, terapia, case-studies, tecniche-terapeutiche, psichiatria / Insuccessi scolastici, droghe, conflitti: &#xE8; sempre pi&#xF9; difficile essere padre o madre di un adolescente? Davvero gli adulti trasmettono agli adolescenti la propria fragilit&#xE0;? Per vivere, gli adolescenti hanno bisogno che gli adulti facciano gli adulti e sappiano dare sostegno ma anche imporsi con autorevolezza, non rinunciare al proprio ruolo educativo e indicare un percorso di crescita. Soprattutto, hanno bisogno che, con la loro stessa esistenza, gli adulti diano prova dell'interesse che la vita ha in se stessa, nonostante le sconfitte e i dolori inevitabili. L'A., uno dei pi&#xF9; grandi specialisti dell'adolescenza, con questo volume si rivolge espressamente ai genitori disorientati, che vogliono aiutare i propri figli a superare quel passaggio fondamentale e difficile che &#xE8; l'adolescenza.</subfield>
  </datafield>
  <datafield tag="650" ind1=" " ind2=" ">
    <subfield code="a"> Adolescenti e giovani / et&#xE0;-evolutiva</subfield>
    <subfield code="e">009</subfield>
  </datafield>
  <datafield tag="942" ind1=" " ind2=" ">
    <subfield code="c">BK</subfield>
  </datafield>
  <datafield tag="957" ind1=" " ind2=" ">
    <subfield code="7">1</subfield>
  </datafield>
  <datafield tag="999" ind1=" " ind2=" ">
    <subfield code="a">47836</subfield>
    <subfield code="b">si</subfield>
    <subfield code="g">1</subfield>
    <subfield code="c">210331</subfield>
    <subfield code="d">210331</subfield>
  </datafield>
  <datafield tag="952" ind1=" " ind2=" ">
    <subfield code="0">0</subfield>
    <subfield code="1">0</subfield>
    <subfield code="4">0</subfield>
    <subfield code="6">B_669047836</subfield>
    <subfield code="7">1</subfield>
    <subfield code="a">CISF</subfield>
    <subfield code="b">CISF</subfield>
    <subfield code="d">2016-10-14</subfield>
    <subfield code="l">0</subfield>
    <subfield code="o">b6690-47836 </subfield>
    <subfield code="r">2016-10-14 00:00:00</subfield>
    <subfield code="w">2016-10-14</subfield>
    <subfield code="y">BK</subfield>
    <subfield code="z">Data import 15.10.2016 / by Epidotti, Vaglietti</subfield>
  </datafield>
</record>
